Datum a čas kvízu
20.5
Celkem bodů
Celkový počet nahraných bodů na tomto kvízu bez doplňovacích otázek.
8.
Pořadí na kvízu
Konečné umístění týmu na tomto kvízu.
Zaznamenané odpovědi
| # | Otázka | Odpověď | Body | Výsledky |
|---|---|---|---|---|
| 1. | Aktuální popularity čínské zub... | Jana Maláčová | 0 | |
| 2. | Kontroverzní projekt výstavby... | C) penis | 0 | |
| 3. | O víkendu byla zakončena série... | pod Bezdězem | 0 | |
| 4. | Ve čtvrtek oznámili vědci z Pa... | Osudy dobrého vojáka Švejka (za světové války) | 0 | |
| 5. | Ve středu byl ve čtyřech evrop... | v basketbalu | 0 | |
| 6. | Jak se nazývá věda, která se z... | adiktologie | 0 | |
| 7. | V dnešní době se hodně mluví o... | A) netolismus | 0 | |
| 8. | Na fotografii vidíte asi nejzn... | Katka, Helena Třeštíková | 0.5 | |
| 9. | Při léčbě některých závislostí... | C | 0 | |
| 10. | Jak se jmenuje zobrazený český... | Karel Nešpor | 1 |